| 000 | 00590nam a2200205 a 4500 | ||
|---|---|---|---|
| 005 | 20230203063710.0 | ||
| 008 | 151104s1990 mx r 000 0 spa d | ||
| 020 | _a9684062346 | ||
| 035 | _aUPN01000206555 | ||
| 049 | _aCG | ||
| 050 | 4 |
_aBF385 _bM6.2 |
|
| 100 | 1 |
_aMontgomery, Robert Leo, _d1927- _938127 |
|
| 245 | 1 | 0 |
_aCómo aumentar su memoria / _cRobert L. Montgomery ; tr. de Luis Corrons. |
| 260 |
_aEspaña : _bDeusto, _c1990. |
||
| 300 | _a116 p. | ||
| 534 |
_pTítulo original: _tMemory Made Easy |
||
| 650 | 4 |
_aMNEMOTECNIA _95322 |
|
| 650 | 4 |
_aMemoria _95324 |
|
| 905 | _aLibro | ||
| 999 |
_c178656 _d178656 |
||